Ảnh hưởng điều kiện trích ly các hoạt chất sinh học từ lá sen (Nelumbo nucifera Gaertn) để chế biến trà hòa tan : Luận văn tốt nghiệp Cao học. Chuyên ngành Công nghệ thực phẩm

Đề tài khảo sát ảnh hưởng của giống và độ già thu hái của lá sen đến sự thay đổi hoạt chất sinh học có trong lá, nghiên cứu các yếu tố ảnh hưởng của quá trình trích ly đến hoạt tính sinh học có trong lá sen, khảo sát ảnh hưởng của loại va...

Полное описание

Сохранить в:
Библиографические подробности
Главный автор: Phạm, Huỳnh Thúy An
Формат:
Язык:Undetermined
Опубликовано: Cần Thơ Trường Đại học Cần Thơ 2015
Предметы:
Метки: Добавить метку
Нет меток, Требуется 1-ая метка записи!
Thư viện lưu trữ: Trung tâm Học liệu Trường Đại học Cần Thơ
LEADER 01422nam a2200217Ia 4500
001 CTU_205658
008 210402s9999 xx 000 0 und d
082 |a 663.94 
082 |b A105 
088 |a 60540101 
100 |a Phạm, Huỳnh Thúy An 
245 0 |a Ảnh hưởng điều kiện trích ly các hoạt chất sinh học từ lá sen (Nelumbo nucifera Gaertn) để chế biến trà hòa tan : 
245 0 |b Luận văn tốt nghiệp Cao học. Chuyên ngành Công nghệ thực phẩm 
245 0 |c Phạm Huỳnh Thúy An ; Lê Nguyễn Đoan Duy, Nguyễn Công Hà (Cán bộ hướng dẫn) 
260 |a Cần Thơ 
260 |b Trường Đại học Cần Thơ 
260 |c 2015 
520 |a Đề tài khảo sát ảnh hưởng của giống và độ già thu hái của lá sen đến sự thay đổi hoạt chất sinh học có trong lá, nghiên cứu các yếu tố ảnh hưởng của quá trình trích ly đến hoạt tính sinh học có trong lá sen, khảo sát ảnh hưởng của loại và hàm lượng phụ gia bổ sung đến chất lượng cùng giá trị cảm quan của sản phẩm. 
650 |a Công nghệ đồ uống,Beverage industry 
910 |a Hải 
980 |a Trung tâm Học liệu Trường Đại học Cần Thơ